McDonalds Food Items - Sudden Death! - Statistics

General Stats
  • This quiz has been taken 151 times
  • The average score is 3 of 8
Answers on the Grid
Answers color-coded by a green-red scale on the quiz's grid according to % correct below.
Hash Brown
Oreo Storm
Bistro Burmese
Big Arch
Frozen Coke
McFries
Large Fries
Brekkie McWrap
McLatte
Frozen Fanta with Burstees
Melon McPop
Berry McPop
Chicken Royale
Happy Meal
Quarter Pounder
Whopper with No Cheese
 
Answer Stats
Answer % Correct
Hash Brown
82%
Large Fries
54%
Happy Meal
47%
Quarter Pounder
40%
Big Arch
35%
Frozen Coke
29%
Brekkie McWrap
11%
Berry McPop
4%
No matching quizzes found
Score Distribution
Percent of People with Each Score
Percentile by Number Answered
Your Score History
You have not taken this quiz